Marcatori della finale di Champions League - Morte improvvisa - Statistics

Statistiche generali
  • Questo quiz è stato fatto 109 volte
    2 dall'ultimo reset
  • Il punteggio medio è 17 su 36
Answers on the Grid
Answers color-coded by a green-red scale on the quiz's grid according to % correct below.
Achraf Hakimi
Désiré Doué
Chwitscha Kwarazchelia
Senny Mayulu
Vinícius Junior
Dani Carvajal
Rodri
Kai Havertz
Kingsley Coman
Divock Origi
Mohamed Salah
Karim Benzema
Gareth Bale
Mario Mandžukić
Cristiano Ronaldo
Casemiro
Marco Asensio
Sergio Ramos
Yannick Carrasco
Neymar
Luis Suárez
van Rakitić
Álvaro Morata
Marcelo
Diego Godín
İlkay Gündoğan
Arjen Robben
Thomas Müller
Didier Drogba
Pedro
Lionel Messi
David Villa
Wayne Rooney
Diego Milito
Sadio Mané
Thierry Henry
Ousmane Dembélé
Marco Reus
Erling Haaland
Mason Mount
Phil Foden
Robert Lewandowski
Kylian Mbappé
Harry Kane
Franck Ribéry
Jude Bellingham
Serge Gnabry
Leroy Sane
Heung-Min Son
Virgil van Dijk
Raphinha
Lautaro Martínez
Nicolò Barella
Kevin De Bruyne
Bruno Fernandes
Lamine Yamal
 
Statistiche sulle risposte
Risposta % Corretto
Achraf Hakimi
100%
Chwitscha Kwarazchelia
100%
Cristiano Ronaldo
100%
Diego Milito
100%
Lionel Messi
100%
Álvaro Morata
50%
Arjen Robben
50%
Casemiro
50%
Didier Drogba
50%
Diego Godín
50%
Divock Origi
50%
Gareth Bale
50%
İlkay Gündoğan
50%
Kai Havertz
50%
Karim Benzema
50%
Kingsley Coman
50%
Luis Suárez
50%
Marcelo
50%
Marco Asensio
50%
Mario Mandžukić
50%
Mohamed Salah
50%
Neymar
50%
Pedro
50%
Rodri
50%
Sadio Mané
50%
Senny Mayulu
50%
Sergio Ramos
50%
van Rakitić
50%
Vinícius Junior
50%
Dani Carvajal
0%
David Villa
0%
Désiré Doué
0%
Ousmane Dembélé
0%
Thomas Müller
0%
Wayne Rooney
0%
Yannick Carrasco
0%
Nessun quiz corrispondente trovato
Distribuzione punteggi
Percentuale di utenti per punteggio
Percentile per numero di risposta
I tuoi punteggi nel tempo
Non hai fatto questo quiz dall'ultimo reset